=LDR 00000nam 2200000 4500 =001 INLIS000000000010553 =005 20130612102212 =008 ***********************************Ind** =035 ##$$0010-061300000010553 =041 ##$$a Ind =082 ##$$a 658.401 04 =090 ##$$a 658.401 04, San p =100 ##$$a SANUSI, Bakhrawi =245 ##$$a Pengantar perencanaan pembangunan =260 ##$$a 2000 $b Jakarta =300 ##$$a xii, 107 hlm, 21 cm =650 ##$$a Perencanaan Pembangunan =850 ##$$a NBPNMAT